000
00319nam a22001337a 4500
008
170602b xxu||||| |||| 00| 0 eng d
020
_a
9780312404086
041
_a
eng
080
_2
5TH
_a
94(100)
100
_a
17
101
_a
SHH
245
_a
PALESTINE AND THE ARAB-ISRAELI CONFLICT
_c
SMITH,CH.D
942
_2
udc
_c
BK
999
_c
15735
_d
15735